| 000 | 00592nam a2200181 i 4500 | ||
|---|---|---|---|
| 001 | 180518 | ||
| 003 | ES-MaACL | ||
| 005 | 20251122063140.0 | ||
| 008 | 120611s1834 fr |||| | fre d | ||
| 080 | _a821.133.1-6"17" | ||
| 100 | 1 |
_aMontesquieu, Charles-Louis de Secondat, _cbaron de, _d1689-1755 _982608 |
|
| 245 | 1 | 0 |
_aLettres persanes / _cpar Montesquieu. |
| 260 |
_aParis : _bLebigre Frères, _c1834. |
||
| 300 |
_a1 vol. (212, 208 p.) ; _c14 cm. |
||
| 595 | _a2 tomos en un volumen. | ||
| 852 |
_aES-MaACL _jD-4001 _z.- Legado M. de la Fuente |
||
| 999 |
_c180518 _d180518 |
||